000 02355cam a22006014i 4500
003 PE-LiUPU
005 20250731180157.0
008 150616s1994 mx r 001 0 spa d
020 _a9682447348
020 _a9789682447341
035 _a(Sirsi) i9789682447341
040 _aPE-LiUPU
_bspa
_cPE-LiUPU
_erda
041 1 _aspa
_heng
049 _aPRUA
082 0 4 _a512.13076
_bJ67
_220
100 1 _aJohnson, L. Murphy,
_eautor.
245 1 0 _aAlgebra y Trigonometría con Aplicaciones /
_cL. Murphy Johnson, Arnold R. Steffensen.
264 1 _aMéxico :
_bEditorial Trillas,
_c1994.
300 _a714 páginas :
_bilustraciones ;
_c26 centímetros
336 _atext
_2rdacontent
337 _aunmediated
_2rdamedia
338 _avolume
_2rdacarrier
504 _aÍndice : páginas 699-707.
505 0 _aRevisión de conceptos fundamentales.- Ecuaciones y desigualdades.- Funciones y gráficas.- Funciones polinómicas y racionales.- Funciones exponenciales y logarítmicas.- Funciones trigonométricas.- Aplicaciones de la trigonometría.- Trigonometría analítica.- Temas de geometría analítica.- Sistemas de ecuaciones y de desigualdades.- Matrices y determinantes.- Suceciones, series y probabilidad.- Apéndices.
526 _aSEG44
526 _aSEG26
526 _aP159
526 _aP155
526 _aP154
526 _aP153
526 _aP150
526 _aP100
526 _aP31
526 _aP30
526 _aP26
526 _aP25
526 _aP24
526 _aP22
526 _aP15
526 _aP10
534 _aTitulo original :
_tCollege algebra and trigonometry with applications.
650 1 4 _aÁlgebra.
_920
650 2 4 _aTrigonometría.
700 1 _aSteffensen, Arnold R.,
_eautor.
910 _ajck
_bjvq
_cjck
910 _adbm
_bsag
_csag
_d20190416
942 _2ddc
_cBOOK
949 _a512.9 J72
_wDEWEY
_c1
_i43234
_d2016-9-23
_e2016-9-20
_lCCODEBUL1
_mBUL
_n1
_r0
_sY
_tBOOK
_u2015-6-16
_xINGENIERIA
_zUNKNOWN
_0COMPRA
_o.STAFF. Colección General
994 _aC0
_bPEPRU
596 _a1
999 _a512.13076 J67
_wDEWEY
_c61198
_i43234
_d61198
_e2016-9-20
_f2021-11-9
_g8
_lCCODEBUL1
_mBUL
_n1
_p41.00
_r0
_sY
_tBOOK
_u2015-6-16
_xINGENIERIA
_zUNKNOWN
_0COMPRA
_o.STAFF. Colección Ingeniería y Arquitectura
980 _81
_gALBERTO SANCHEZ Responsable de Automatización